Abhigyan (Record no. 46491)
[ view plain ]
| 000 -LEADER | |
|---|---|
| fixed length control field | 00259nam a22001097a 4500 |
| 008 - FIXED-LENGTH DATA ELEMENTS--GENERAL INFORMATION | |
| fixed length control field | 250902b |||||||| |||| 00| 0 eng d |
| 022 ## - INTERNATIONAL STANDARD SERIAL NUMBER | |
| International Standard Serial Number | 09702385 |
| 245 ## - TITLE STATEMENT | |
| Title | Abhigyan |
| 260 ## - PUBLICATION, DISTRIBUTION, ETC. | |
| Place of publication, distribution, etc. | New Delhi |
| Name of publisher, distributor, etc. | Sage publishing |
| Date of publication, distribution, etc. | 2025 |
| 300 ## - PHYSICAL DESCRIPTION | |
| Extent | 217; p. |
| 942 ## - ADDED ENTRY ELEMENTS (KOHA) | |
| Source of classification or shelving scheme | Dewey Decimal Classification |
| Withdrawn status | Lost status | Source of classification or shelving scheme | Damaged status | Not for loan | Home library | Current library | Date acquired | Source of acquisition | Serial Enumeration / chronology | Total Checkouts | Barcode | Date last seen | Price effective from | Koha item type |
|---|---|---|---|---|---|---|---|---|---|---|---|---|---|---|
| Dewey Decimal Classification | IMTN | IMTN | 09/02/2025 | 2025-09-02 | Vol. 43, No. 2 | P797 | 09/02/2025 | 09/02/2025 | Serial | |||||
| Dewey Decimal Classification | IMTN | IMTN | 10/08/2025 | Vol. 43, No. 3 | P935 | 10/08/2025 | 10/08/2025 | Serial | ||||||
| Dewey Decimal Classification | IMTN | IMTN | 11/20/2025 | Vol. 43, No. 1 | P1025 | 11/20/2025 | 11/20/2025 | Serial |